Poor economics : (Record no. 53415)

MARC details
000 -LEADER
fixed length control field 02043nam a22003137a 4500
005 - DATE AND TIME OF LATEST TRANSACTION
control field 20110630105619.0
010 ## - LCCN (DPL NO)
LC control number ENG-102909 B-454924-928
020 ## - INTERNATIONAL STANDARD BOOK NUMBER
Terms of availability 499.00
International Standard Book Number 9788184001815
035 ## - SYSTEM CONTROL NUMBER
System control number EN-86442 B-454924-928
037 ## - SOURCE OF ACQUISITION
Source of stock number/acquisition DBAD / PUB
037 ## - SOURCE OF ACQUISITION
Source of stock number/acquisition Blue Berry/Ven
082 ## - DEWEY DECIMAL CLASSIFICATION NUMBER
Classification number 339.46091724
100 ## - MAIN ENTRY--PERSONAL NAME
Personal name Banerjee, Abhijit V.
245 ## - TITLE STATEMENT
Title Poor economics :
Statement of responsibility, etc by Abhijit V. Banerjee [and] Esther Duflo
Remainder of title a radical rethinking of the way to fight global poverty /
260 ## - PUBLICATION, DISTRIBUTION, ETC. (IMPRINT)
Place of publication, distribution, etc Noida
Name of publisher, distributor, etc Random House Publishers
Date of publication, distribution, etc 2011
270 ## - ADDRESS
Address Mindmill Corporate Tower, 2nd Floor, Plot No. 24 A, Sector 16A
City Noida, U. P.
Postal code 201301
300 ## - PHYSICAL DESCRIPTION
Extent xi,303p.
Dimensions 24cm (Hb)
500 ## - GENERAL NOTE
General note Includes index
700 ## - ADDED ENTRY--PERSONAL NAME
9 (RLIN) 28520
Personal name Duflo, Esther
710 ## - ADDED ENTRY--CORPORATE NAME
9 (RLIN) 28535
942 ## - ADDED ENTRY ELEMENTS (KOHA)
Source of classification or shelving scheme Dewey Decimal Classification
Item type English Books
Call number suffix BAN
Classification part 339.46091724
Holdings
Withdrawn status Lost status Not for loan Collection code Home library Current library Date acquired Source of acquisition Cost, normal purchase price Full call number Barcode Copy number Cost, replacement price Koha item type
      Non-fiction Bawana Bawana 17/08/2012 Blue Berry/7269 /16.11.2011/06/15.09.2011/7.12.2011 499.00 339.46091724 BAN B-454927 1 499.00 English Books
      Non-fiction Central Library Central Library 17/08/2012 Blue Berry/7269 /16.11.2011/06/15.09.2011/7.12.2011 499.00 339.46091724 BAN B-454924 1 499.00 English Books
    Not For Loan Non-fiction D.B.Act.Division D.B.Act.Division 30/06/2011 DBAD/PUB 499.00 339.46091724 BAN EN-86442 1 499.00 English Books
      Non-fiction Patel Nagar Patel Nagar 17/08/2012 Blue Berry/7269 /16.11.2011/06/15.09.2011/7.12.2011 499.00 339.46091724 BAN B-454925 1 499.00 English Books
      Non-fiction Sarojini Nagar Sarojini Nagar 17/08/2012 Blue Berry/7269 /16.11.2011/06/15.09.2011/7.12.2011 499.00 339.46091724 BAN B-454926 1 499.00 English Books
      Non-fiction Shahdara Branch Shahdara Branch 17/08/2012 Blue Berry/7269 /16.11.2011/06/15.09.2011/7.12.2011 499.00 339.46091724 BAN B-454928 1 499.00 English Books

© Delhi Public Library
Hit Counter
free hit counter